Statystyki dla 50 Najwartościowszych Piłkarzy Świata

Kliknij tutaj aby rozwiązać quiz!

Ogólne statystyki

  • Ten quiz został rozwiązany 121 razy
  • Średni wynik to 16 z 50

Statystyki odpowiedzi

MiejsceZawodnik% Poprawnych
20Messi
96%
1Mbappe
93%
5Neymar
83%
3Haaland
73%
2Kane
60%
8Mane
59%
4Salah
57%
10De Bruyne
51%
9Sterling
45%
6Sancho
44%
42Van dijk
42%
37Sane
40%
14Lukaku
38%
25Pedri
37%
46Alisson
35%
12Kimmich
35%
41Gnabry
34%
31Havertz
34%
15Rashford
34%
19De Jong
33%
16Son
33%
45Werner
31%
44Coman
30%
22De Ligt
30%
40Goretzka
30%
17Fati
29%
13Oblak
28%
7Alexander-Arnold
27%
35Silva
26%
11Fernandes
25%
39Varane
25%
34Dias
24%
26Foden
24%
27Martinez
24%
24Ter Stegen
24%
36Robertson
23%
21Davies
22%
18Felix
22%
23Courtois
19%
48Saka
18%
43Casemiro
17%
28Valverde
17%
47Camavinga
16%
29Rodri
15%
38Marquinhos
13%
49Kounde
5%
32Llorente
5%
50RIcharlison
5%
30Oyarzabal
4%
33Milinković-Savić
3%

Rozkład punktacji

Percentyl według liczby udzielonych odpowiedzi

Procent ludzi z każdym wynikiem

Twoja historia wyników

Nie rozwiązałeś tego quizu